Bienvenue à la Médiathèque de Saint-Andiol
banniere
Accueil Recherche avancée Mon compte
handi1 Rechercher dans le catalogue

Filtre   Mots-clés
  Recherche avancée
 
Lister les dernières nouveautés
 
Lister les livres GROS CARACTERES
 
Lister les périodiques (magazines)

handi1 Brûlez tout

<< Retourner aux résultats de la recherche
Book Cover
Auteur principal : Christophe Molmy
Titre : Brûlez tout
Support : Livres
Langue : Francais
Publié : 2025 Fayard Paris
Genre : Policier
Collection : Policier
Sujets :
Étiquettes :
Pas de tags
LEADER 01037nam0a2200217 450
001 16867831
010 |a 978-2-213-73392-0  |b br.  |d 9,9 € 
100 |a 20250702d2025 u u0frey01 ba 
101 0 |a fre 
102 |a FR 
200 0 |a Brûlez tout  |f Christophe Molmy 
207 1 |a   
210 |a Paris  |b 75 rue des Saints Pères.  |c Fayard  |d 2025 
215 |a 1 vol. (357 p.)  |d 18 x 11 cm 
225 1 |a Policier 
330 |a Un député voit sa permanence ravagée par le feu, un relais 5G explose, un célèbre essayiste est violemment agressé, un avocat est menacé de mort. Chaque crime est signé par un mystérieux groupe qui diffuse ses exploits sur les réseaux sociaux. Policier à l'ancienne marqué par une fusillade qui a détruit sa vie et incompris de ses collègues, Sacha Letellier mène l'enquête, se fiant à son instinct. 
676 |a 843 
700 0 |a Molmy  |b Christophe  |4 70 
900 |a Policier 
901 |a Adultes 
995 |a Médiathèque  |c Médiathèque  |f 00156010417194  |h 00156010417194  |k RP MOL  |o p  |q a  |r az  |e Médiathèque